Модуляция активности АДФ-рибозилциклазы при ишемии головного мозга; Вестник науки Сибири; № 3 (4)

Detalles Bibliográficos
Parent link:Вестник науки Сибири: электронный научный журнал/ Томский политехнический университет (ТПУ).— , 2011-.— 2226-0064
№ 3 (4).— 2012.— [С. 284-290]
Outros autores: Малиновская Н. А. Наталия Александровна, Морозова Г. А. Галина Александровна, Салмина А. Б. Алла Борисовна, Петрова М. М. Марина Михайловна, Панина Ю. А. Юлия Анатольевна, Кувачева Н. В. Наталья Валерьевна, Фролова О. В. Ольга Васильевна, Гасымлы Э. Д. Эльтадж Джамил кызы, Баглаева О. В. Ольга Владимировна
Summary:Заглавие с титульного листа
Второе место среди причин смертности и инвалидизации больных занимают острые нарушения мозгового кровообращения. Цель исследования - оценить влияние модуляторов активности АДФ-рибозилциклазы/CD38 в нейронах и клетках нейроглиальной природы в физиологических условиях и при ишемии головного мозга. Объект исследования - ткань головного мозга крыс-самцов Wistar с моделью глобальной ишемии головного мозга путем двухсторонней перевязки общих сонных артерий. У животных осуществлен забор ткани из регионов головного мозга обоих полушарий, в гомогенатах ткани определена активность АДФ-рибозилциклазы/CD38 флуориметрическим методом до и после приложения модуляторов. Получены данные, свидетельствующие о регулируемой P2X7 рецепторами клеток глии активности CD38/АДФ-рибозилциклазы при ишемии головного мозга.
Idioma:ruso
Publicado: 2012
Series:Медицинские технологии
Subjects:
Acceso en liña:http://earchive.tpu.ru/handle/11683/15889
Formato: MixedMaterials Electrónico Capítulo de libro
KOHA link:https://koha.lib.tpu.ru/cgi-bin/koha/opac-detail.pl?biblionumber=480761

MARC

LEADER 00000naa2a2200000 4500
001 480761
005 20231101093616.0
035 |a (RuTPU)RU\TPU\prd\148016 
035 |a RU\TPU\prd\147998 
090 |a 480761 
100 |a 20120822d2012 k y0rusy50 ca 
101 0 |a rus 
102 |a RU 
135 |a drnn ---uucaa 
181 0 |a i  
182 0 |a b 
200 1 |a Модуляция активности АДФ-рибозилциклазы при ишемии головного мозга  |f Н. А. Малиновская [и др.] 
203 |a Текст  |c электронный 
215 |a 1 файл (147 Кб) 
225 1 |a Медицинские технологии 
230 |a Электронные текстовые данные (1 файл : 147 Кб) 
300 |a Заглавие с титульного листа 
320 |a [Библиогр.: с. 290 (20 назв.)] 
330 |a Второе место среди причин смертности и инвалидизации больных занимают острые нарушения мозгового кровообращения. Цель исследования - оценить влияние модуляторов активности АДФ-рибозилциклазы/CD38 в нейронах и клетках нейроглиальной природы в физиологических условиях и при ишемии головного мозга. Объект исследования - ткань головного мозга крыс-самцов Wistar с моделью глобальной ишемии головного мозга путем двухсторонней перевязки общих сонных артерий. У животных осуществлен забор ткани из регионов головного мозга обоих полушарий, в гомогенатах ткани определена активность АДФ-рибозилциклазы/CD38 флуориметрическим методом до и после приложения модуляторов. Получены данные, свидетельствующие о регулируемой P2X7 рецепторами клеток глии активности CD38/АДФ-рибозилциклазы при ишемии головного мозга. 
337 |a Adobe Reader 
461 1 |0 (RuTPU)RU\TPU\prd\143680  |x 2226-0064  |t Вестник науки Сибири  |o электронный научный журнал  |f Томский политехнический университет (ТПУ)  |d 2011- 
463 1 |0 (RuTPU)RU\TPU\prd\146314  |t № 3 (4)  |v [С. 284-290]  |d 2012 
610 1 |a медицина 
610 1 |a головной мозг 
610 1 |a кровообращение 
610 1 |a нарушение 
610 1 |a поражения 
610 1 |a заболевания 
610 1 |a медицинские технологии 
610 1 |a электронный ресурс 
675 |a 57.042  |v 3 
701 1 |a Малиновская  |b Н. А.  |g Наталия Александровна 
701 1 |a Морозова  |b Г. А.  |g Галина Александровна 
701 1 |a Салмина  |b А. Б.  |g Алла Борисовна 
701 1 |a Петрова  |b М. М.  |g Марина Михайловна 
701 1 |a Панина  |b Ю. А.  |g Юлия Анатольевна 
701 1 |a Кувачева  |b Н. В.  |g Наталья Валерьевна 
701 1 |a Фролова  |b О. В.  |g Ольга Васильевна 
701 1 |a Гасымлы  |b Э. Д.  |g Эльтадж Джамил кызы 
701 1 |a Баглаева  |b О. В.  |g Ольга Владимировна 
801 1 |a RU  |b 63413507  |c 20090623  |g PSBO 
801 2 |a RU  |b 63413507  |c 20180116  |g PSBO 
856 4 |u http://earchive.tpu.ru/handle/11683/15889 
942 |c BK